000 00257nam a2200085Ia 4500
245 0 _aSkills workbook for law students
100 _a KOK, Anton Claremont [South Africa], 2011 2nd ed
_986011
942 _cBK
008 210817s9999 xx 000 0 und d
999 _c324959
_d324958